000 00622nam a2200205Ia 4500
008 131103s9999 xx 000 0 und d
040 _aLoreto College
041 _aEnglish
082 _a824.8/CAR/824.82/CAR
_bLCLIB
100 _aCarlyle,Thomas
245 _aOn heroes, Hero - Worship and the heroic in history
_cThomas Carlyle;with an introduction and notes by H.B.Buller
260 _aLondon
_bMacmillan
_c1926
300 _axvi,196 p.
_b ill.
_c 17 cm.
440 _aEnglish Literature Series
504 _aIncludes notes
650 _aEnglish Essays
700 _aBuller,H.M.
850 _aLCLIB
942 _cBK
999 _c5026
_d55505